[Event "Nettetal Chessgate op"]
[Site "Nettetal"]
[Date "2004.08.15"]
[Round "9"]
[White "Neumann, Heinz"]
[Black "Mutschnik, Illya"]
[Result "1-0"]
[WhiteElo "2453"]
[BlackElo "2398"]
[PlyCount "85"]
[EventDate "2004.08.07"]
[EventType "swiss"]
[EventRounds "9"]
[EventCountry "GER"]
[SourceTitle "EXT 2006"]
[Source "ChessBase"]
[SourceDate "2005.11.24"]
[SourceVersion "1"]
[SourceVersionDate "2005.11.24"]
[SourceQuality "1"]

1. d4 Nf6 2. c4 g6 3. Nc3 Bg7 4. e4 d6 5. Be2 0-0 6. Nf3 e5 7. d5 Na6 8. Nd2 Ne8 9. h4 c6 10. h5 Nac7 11. g4 Bd7 12. hxg6 fxg6 13. Nf1 Bf6 14. Qd2 Bh4 15. Rh2 Rf4 16. dxc6 bxc6 17. c5 Be6 18. Qd3 Bg5 19. cxd6 Nxd6 20. Bxf4 Bxf4 21. Rd1 Nce8 22. Rh3 Qa5 23. Ne3 Rd8 24. Qa6 Qc7 25. Nc4 Nf7 26. Rxd8 Nxd8 27. Qa5 Qe7 28. Qa3 Qg5 29. Qxa7 Nf7 30. Qa8 Kf8 31. Rxh7 Bxg4 32. Qa7 Be6 33. Ne3 Nf6 34. Qb8+ Ke7 35. Qa7+ Nd7 36. Rh1 Nd6 37. Rh7+ Bf7 38. Bg4 Nf5 39. exf5 Bxe3 40. Rxf7+ Kxf7 41. Qxd7+ Kf8 42. Qc8+ Kf7 43. Qe6+ 1-0

[Event "Nettetal Chessgate op"]
[Site "Nettetal"]
[Date "2004.08.10"]
[Round "4"]
[White "Neumann, Heinz"]
[Black "Borovikov, Vladislav"]
[Result "0-1"]
[WhiteElo "2453"]
[BlackElo "2578"]
[PlyCount "67"]
[EventDate "2004.08.07"]
[EventType "swiss"]
[EventRounds "9"]
[EventCountry "GER"]
[SourceTitle "EXT 2006"]
[Source "ChessBase"]
[SourceDate "2005.11.24"]
[SourceVersion "1"]
[SourceVersionDate "2005.11.24"]
[SourceQuality "1"]

1. d4 d5 2. c4 c6 3. Nc3 Nf6 4. e3 e6 5. Nf3 Nbd7 6. Qc2 Bd6 7. g4 Bb4 8. Bd2 Qe7 9. Bd3 dxc4 10. Bxc4 b6 11. e4 Bb7 12. g5 Nh5 13. 0-0-0 b5 14. Be2 a6 15. Ne1 g6 16. Nd3 c5 17. d5 Ng7 18. d6 Qxd6 19. Bf4 Qc6 20. Ne5 Nxe5 21. Bxe5 0-0 22. Rd6 Qc8 23. Qd2 c4 24. Qf4 Ne8 25. Rhd1 Bxd6 26. Rxd6 Qc5 27. Bg4 b4 28. Na4 Qa5 29. b3 cxb3 30. axb3 Rc8+ 31. Kb2 Qc7 32. Bd1 f6 33. gxf6 Nxf6 34. Bxf6 0-1

[Event "IECG L1.2001.0.00020 email"]
[Site "IECG email"]
[Date "2001.02.18"]
[Round "?"]
[White "Gallet, Gilles"]
[Black "Neumann, Heinz"]
[Result "1/2-1/2"]
[WhiteElo "1993"]
[BlackElo "1849"]
[PlyCount "44"]
[EventDate "2001.02.18"]
[EventType "tourn (corr)"]
[EventRounds "12"]
[SourceTitle "Corr 2008"]
[Source "ChessBase"]
[SourceDate "2008.06.24"]
[SourceVersion "1"]
[SourceVersionDate "2008.06.24"]
[SourceQuality "1"]

1. d4 d5 2. Nf3 Nf6 3. Bg5 Ne4 4. Bf4 c5 5. e3 Qb6 6. Qc1 Nc6 7. c3 Bf5 8. Be2 e6 9. Nbd2 Be7 10. 0-0 0-0 11. Nxe4 Bxe4 12. Nd2 Bg6 13. Nf3 Be4 14. Qd2 Rac8 15. Ng5 Bg6 16. Rad1 Qd8 17. Nf3 a6 18. Rfe1 Re8 19. Ne5 Nxe5 20. Bxe5 cxd4 21. exd4 b5 22. a3 Qb6 1/2-1/2

[Event "IECG L1.2001.0.00020 email"]
[Site "IECG email"]
[Date "2001.02.18"]
[Round "?"]
[White "Neumann, Heinz"]
[Black "Hardy, David G"]
[Result "1/2-1/2"]
[WhiteElo "1849"]
[BlackElo "2094"]
[PlyCount "43"]
[EventDate "2001.02.18"]
[EventType "tourn (corr)"]
[EventRounds "12"]
[SourceTitle "Corr 2008"]
[Source "ChessBase"]
[SourceDate "2008.06.24"]
[SourceVersion "1"]
[SourceVersionDate "2008.06.24"]
[SourceQuality "1"]

1. e4 e6 2. d4 d5 3. Nc3 Bb4 4. e5 c5 5. a3 Bxc3+ 6. bxc3 Ne7 7. Nf3 Bd7 8. dxc5 Ba4 9. Rb1 Nd7 10. Rxb7 Nxc5 11. Rb4 Qa5 12. Bd2 0-0 13. Be2 Bd7 14. Qa1 Ne4 15. c4 Nxd2 16. Nxd2 Rab8 17. Nb3 Qc7 18. 0-0 Rxb4 19. axb4 Nc6 20. cxd5 exd5 21. Qc3 Rc8 22. Ba6 1/2-1/2

[Event "IECG L1.2001.0.00020 email"]
[Site "IECG email"]
[Date "2001.02.18"]
[Round "?"]
[White "Neumann, Heinz"]
[Black "Quadri, Sergio Fabian"]
[Result "0-1"]
[WhiteElo "1849"]
[BlackElo "2047"]
[PlyCount "46"]
[EventDate "2001.02.18"]
[EventType "tourn (corr)"]
[EventRounds "12"]
[SourceTitle "Corr 2008"]
[Source "ChessBase"]
[SourceDate "2008.06.24"]
[SourceVersion "1"]
[SourceVersionDate "2008.06.24"]
[SourceQuality "1"]

1. e4 e5 2. Nf3 Nc6 3. Bb5 a6 4. Ba4 d6 5. c3 Bd7 6. d4 Nge7 7. Bb3 h6 8. Nbd2 Ng6 9. Nc4 Be7 10. Ne3 Bg5 11. Nxg5 hxg5 12. g3 exd4 13. cxd4 Kf8 14. Ba4 b5 15. Bc2 Qf6 16. Nf5 Bxf5 17. exf5 Nge7 18. Be3 Nxf5 19. Be4 Re8 20. Bxc6 Nxe3 21. fxe3 Rxe3+ 22. Kd2 Qf2+ 23. Kc1 Rxh2 0-1

[Event "IECG Q1.2000.0.00132"]
[Site "IECG email"]
[Date "2000.12.22"]
[Round "?"]
[White "Ottenweller, Wolfgang"]
[Black "Neumann, Heinz"]
[Result "1-0"]
[WhiteElo "1917"]
[BlackElo "1849"]
[PlyCount "55"]
[EventDate "2000.12.22"]
[EventType "tourn (corr)"]
[EventRounds "6"]
[SourceTitle "Corr 2008"]
[Source "ChessBase"]
[SourceDate "2008.06.24"]
[SourceVersion "1"]
[SourceVersionDate "2008.06.24"]
[SourceQuality "1"]

1. e4 Nf6 2. e5 Nd5 3. d4 d6 4. Nf3 g6 5. Bc4 Nb6 6. Bb3 Bg7 7. Ng5 e6 8. Qf3 Qe7 9. Ne4 dxe5 10. Bg5 Qb4+ 11. c3 Qa5 12. Bf6 Bxf6 13. Nxf6+ Kf8 14. d5 Kg7 15. h4 h5 16. g4 hxg4 17. Nxg4 Nxd5 18. h5 Nf4 19. h6+ Kf8 20. Nd2 f5 21. Ne3 Nc6 22. Ng2 Qc5 23. 0-0-0 Nxg2 24. Qxg2 Kf7 25. Nf3 e4 26. Ng5+ Kf6 27. Qg3 Qe5 28. Qh4 1-0

[Event "IECG C1.2000.0.00275"]
[Site "IECG email"]
[Date "2000.07.14"]
[Round "?"]
[White "Neumann, Heinz"]
[Black "Sveinsson, Jon Arni"]
[Result "1/2-1/2"]
[WhiteElo "1849"]
[BlackElo "1870"]
[PlyCount "43"]
[EventDate "2000.04.17"]
[EventType "tourn (corr)"]
[EventRounds "6"]
[SourceTitle "Corr 2008"]
[Source "ChessBase"]
[SourceDate "2008.06.24"]
[SourceVersion "1"]
[SourceVersionDate "2008.06.24"]
[SourceQuality "1"]

1. e4 c5 2. d3 Nc6 3. g3 g6 4. Bg2 Bg7 5. c3 d6 6. f4 Nf6 7. Nf3 0-0 8. 0-0 Bd7 9. Re1 e5 10. Na3 Qe7 11. Qe2 Rfe8 12. Kh1 Rad8 13. Be3 a6 14. Nc2 b5 15. fxe5 dxe5 16. Rf1 h6 17. Bg1 Be6 18. Nce1 Qd6 19. b3 c4 20. dxc4 bxc4 21. b4 Rd7 22. a4 1/2-1/2